000 00605nam a2200205Ia 4500
008 191130s1999##################000#0#eng##
020 _a9780521041942
040 _aACL
_cACL
082 _a330.16 BIR
100 _aBird, Colin
245 _aThe myth of liberal individualism
_cColin Bird
260 _aCambridge
_bCambridge University Press
_cc1999
300 _aix, 223 p. ; 24 cm
500 _aIncludes bibliographical references (p. 212-223) and index
650 _aIndividualism
650 _aLiberalism
990 _a71473884ac10000c4034b8e470a48426
991 _a186006
999 _c294201
_d294201